| Tag |
First Indicator |
Second Indicator |
Subfields |
| LEADER |
00000pam a2200000 a 4500 |
| 001 |
in00000082996 |
| 005 |
20151008055533.0 |
| 008 |
810108s1981 nyu b 00010 engm |
| 010 |
|
|
|a 81000288
|
| 020 |
|
|
|a 0824500369
|
| 035 |
|
|
|a (OCoLC)07197529
|
| 035 |
|
|
|9 AAJ3730AM
|
| 039 |
0 |
|
|a 2
|b 3
|c 3
|d 3
|e 3
|
| 040 |
|
|
|a DLC
|c DLC
|d m.c.
|d TXA
|d UtOrBLW
|
| 041 |
1 |
|
|a eng
|a ger
|
| 049 |
|
|
|a TXAM
|c [951864]
|
| 050 |
0 |
0 |
|a BR123
|b .M5213
|
| 082 |
0 |
|
|a 261.8
|2 19
|
| 100 |
1 |
|
|a Metz, Johannes Baptist,
|d 1928-
|
| 240 |
1 |
0 |
|a Jenseits bürgerlicher Religion.
|l English
|
| 245 |
1 |
4 |
|a The emergent church :
|b the future of Christianity in a postbourgeois world /
|c Johann Baptist Metz ; translated by Peter Mann.
|
| 264 |
|
1 |
|a New York :
|b Crossroad,
|c 1981.
|
| 300 |
|
|
|a ix, 127 pages ;
|c 22 cm.
|
| 336 |
|
|
|a text
|b txt
|2 rdacontent
|
| 337 |
|
|
|a unmediated
|b n
|2 rdamedia
|
| 338 |
|
|
|a volume
|b nc
|2 rdacarrier
|
| 500 |
|
|
|a Translation of: Jenseits burgerlicher Religion.
|
| 504 |
|
|
|a Bibliography: pages 125-127.
|
| 650 |
|
0 |
|a Christianity
|y 20th century.
|
| 999 |
|
|
|a MARS
|
| 999 |
f |
f |
|s 4697c31a-f39f-39b6-8463-a81bb8fbca4b
|i f4937720-6011-39bf-868c-a4f47cd1da70
|t 0
|
| 952 |
f |
f |
|p ric
|a Texas A&M University
|b Rellis Campus
|c Joint Library Facility
|d Remote Storage
|t 0
|e BR123 .M5213
|h Library of Congress classification
|i unmediated -- volume
|m A14806090830
|
| 998 |
f |
f |
|a BR123 .M5213
|t 0
|l Remote Storage
|